| 000 | 00661nam a22002177a 4500 | ||
|---|---|---|---|
| 003 | BD-DhJNU | ||
| 005 | 20250508050243.0 | ||
| 008 | 250508b |||||||| |||| 00| 0 eng d | ||
| 020 | _a9780745330433 | ||
| 020 | _a9780745330426 | ||
| 040 |
_aBD-DhJNU _bENG _cBD-DhJNU _dBD-DhJNU |
||
| 082 |
_223 _a305.8 ERE |
||
| 100 | _aEriksen, Thomas Hylland | ||
| 245 |
_aEthnicity and nationalism : _banthropological perspectives / _cThomas Hylland Eriksen |
||
| 250 | _a3rd ed. | ||
| 260 |
_aLondon : _bPluto Press, _c2010. |
||
| 300 |
_ax, 246p. : _bill. ; _c25 cm. |
||
| 504 | _aIncludes bibliographies and index | ||
| 650 | _aSocial Groups | ||
| 942 |
_2ddc _cBK _n0 |
||
| 999 |
_c1679 _d1679 |
||